000 01955cam a2200289 4500
001 ##L132269
008 060123n2006 000 0 eng u
020 _a9781851128358 (online)
035 _a(Sirsi) u132269
041 0 _aeng
050 0 4 _a711.52 $2 18
110 1 _aUnited Kingdom
_bOffice of the Deputy Prime Minister
245 0 0 _aNational evaluation of local strategic partnerships
_bformative evaluation and action research programme 2002-2005: final report
260 _aLondon
_bODPM
_C2006
520 _aThis final report of an ODPM and Department for Transport commissioned study draws together the key findings from the national evaluation of Local Strategic Partnerships (LSPs) and covers the first three years of the programme. The objective of this phase of the national evaluation is to support LSPs and policy makers at local, regional and central levels and to evaluate the progress LSPs are making. The formative evaluation identifies a number of governance and delivery issues. Despite variation, it concludes that LSPs have made good progress across England but also assesses difficulties and outlines areas for further development. A summative evaluation of impacts and effectiveness is provisionally planned to start in 2006.
590 _aIKA310106
660 _aENVIRONMENTAL AND LAND CONSULTANCY-PLANNING AND DEVELOPMENT-STRATEGIC PLANNING
690 _aENVIRONMENTAL AND LAND CONSULTANCY-PLANNING AND DEVELOPMENT-STRATEGIC PLANNING
710 1 _aUnited Kingdom
_bDepartment for Transport
_94866
710 2 _aEuropean Institute for Urban Affairs
_9650
710 1 _aUnited Kingdom
_bOffice for Public Management
_94867
710 2 _aUniversity of Warwick
_94868
710 2 _aLiverpool John Moores University
_92356
710 2 _aUniversity of the West of England
_93479
856 4 0 _uhttps://www.communities.gov.uk/index.asp?id=1163002
_zView the final report free of charge at www.dclg.gov.uk...
942 _n0
999 _c105075
_d105075